00353 a2200133 450000100060000002000180000604000220002410000220004624000520006824500470012030000080016736200090017565000350018459897 a9783789135156 cAnchieta - Pituba aFisher, Catherine10aDas Orakel und das zeichen des skarabäuslpor10aDas Orakel und das zeichen des skarabäus a3840 a2007 4aLiteratura juvenil em alemão